000 00735nas a2200253 4500
001 BR9207591
003 BR-BrBNA
005 20231205093022.0
007 ta
008 230509b bl.|||p| |||| 00| 00por d
040 _aBR-BrBNA
_bpor
_cBiblioteca Nacional de Agricultura
041 _a(Pt)
072 _aL73
100 1 _aMastrolorenzo, L.A.E.
100 1 _aCosta, M.D. de M.
100 1 _aHofer, E.
245 1 _aListeria monocytogenes isolada de aborto humano em Salvador, Bahia
650 _aZOONOSE
650 _aSAUDE PUBLICA
650 _aVETERINARIA
773 0 _tNatura (Brazil)
_xISSN 0100-1833
_g(Jan-Dec 1978), v. 4(1-2) p. 57-64
_wBR9207591
909 _a202311
_bLúcia
_c55
_dLúcia Elande
942 _2AGRIS
_n0
_cANA
999 _c135675
_d135675